Estadísticas para Líderes Soviéticos del 1917-1991

Haz click aquí para intentar la prueba.

Estadísticas generales

  • Esta prueba ha sido intentada 1.888 veces
  • La puntuación promedio es 4 de 7

Estadísticas de respuestas

AñosLíder% Correcto
1924-1953Josef Stalin
97%
1917-1924Vladimír Lenin
97%
1985-1991Mijaíl Gorbachov
73%
1953-1964Nikita Jrushchov
54%
1964-1982Leonid Brézhnev
37%
1982-1984Yuri Andrópov
22%
1984-1985Konstantin Chernenko
17%

Distribución de puntuación

Porcentaje por número respondido

Porcentaje de gente con cada puntuación

Historial de tus puntuaciones

No has intentado esta prueba.